000 00992nam a22003257a 4500
001 BR2016003282
003 BR-BrBNA
005 20230928104934.0
007 ta
008 230509b bl.||||| |||| 00| 0 por d
040 _aBR-BrBNA
_bpor
_cBiblioteca Nacional de Agricultura
041 _a(Por)
072 _aF02
_b1300
090 _ 1300 BR2016003282
100 1 _aNascimento, W.M. (Ed.)
100 1 _aPereira, R.B. (ed.)
110 1 _aEmpresa Brasileira de Pesquisa Agropecuária, Brasília, DF (Brasil)
245 1 _aHortaliças de propagação vegetativa: tecnologia de multiplicação
250 1 _a1. ed.
260 3 _aBrasília, DF (Brasil):
_c2016.
300 _a227 p.
500 _aIncludes several bibliographies; Summary (Por); 95 illus.; 14 tables
650 _aREPRODUÇÃO VEGETAL
650 _aHORTALIÇA
650 _aTECNOLOGIA
650 _aAGRONEGÓCIO
650 _aPROPAGAÇÃO VEGETATIVA
909 _a202309
_bLucia
_c55
_dLucia Elande
942 _cBK
999 _c82545
_d82545